00835nam a2200205 i 450000100060000000300090000600500170001500700030003200800410003508000120007610000270008824501470011526000700026230000470033265000500037970000290042985200320045899900170049095201220050790213ES-MaACL20250824041919.0t|050119s1950 fr ||||1| fre d a725.8221 aLeblanc, Louis.97102010aTraité d'aménagement des salles de spectacles. nII, pl'equipement des scènes et des estrades / cpar Louis Leblanc et Georges Leblanc. aParís : bVincent Fréal et Cie., c[1950] (fL'Emancipatrice) a44 fol., 10 lám. : bil. ; c25 x 32 cm. 7aTeatros-xDiseño y construcción291396741 aLeblanc, Georges.971017 aES-MaACLjC-31440 bR.70000 c90213d90213 00104070aATENEOMbATENEOMcDEPO2d2008-01-17eSCl0oC-31440p1094206r2023-02-23 00:00:00w2023-02-23yMONOGRAFIA